Principles and practice of management (Record no. 166513)
[ view plain ]
| 000 -LEADER | |
|---|---|
| fixed length control field | 00778nam a22002057a 4500 |
| 010 ## - LCCN (DPL NO) | |
| LC control number | ENG-126086 |
| 020 ## - INTERNATIONAL STANDARD BOOK NUMBER | |
| International Standard Book Number | 978-93-8472-664-5 |
| Terms of availability | 1695.00 |
| 035 ## - SYSTEM CONTROL NUMBER | |
| System control number | EN-109618 |
| 037 ## - SOURCE OF ACQUISITION | |
| Source of stock number/acquisition | DBAD/PUB |
| 082 ## - DEWEY DECIMAL CLASSIFICATION NUMBER | |
| Classification number | 658 |
| 100 ## - MAIN ENTRY--PERSONAL NAME | |
| Personal name | Mahajan, J.p. and Mishra, akshay |
| 245 ## - TITLE STATEMENT | |
| Title | Principles and practice of management |
| Statement of responsibility, etc | by J.P. Mahajan and Akshay Mishra |
| 250 ## - EDITION STATEMENT | |
| Edition statement | 2nd edition |
| 260 ## - PUBLICATION, DISTRIBUTION, ETC. (IMPRINT) | |
| Place of publication, distribution, etc | New Delhi |
| Name of publisher, distributor, etc | Ane Books Pvt. Ltd. |
| Date of publication, distribution, etc | 2018 |
| 270 ## - ADDRESS | |
| Address | 4821, Parwana Bhawan, 1st floor, 24 Ansari Road, Darya Ganj, |
| City | New Delhi |
| Postal code | 110002 |
| Telephone number | +91(011)23276843-44 |
| Electronic mail address | www.anebooks.com; kapoor@anebooks.com |
| Fax number | +91(001)23276863 |
| 300 ## - PHYSICAL DESCRIPTION | |
| Extent | 462p. |
| Other physical details | 24cm(hb) |
| Dimensions | ill. |
| 500 ## - GENERAL NOTE | |
| General note | its include table and figure |
| 700 ## - ADDED ENTRY--PERSONAL NAME | |
| Personal name | Mahajan, J.P. and Mishra, Akshay |
| 942 ## - ADDED ENTRY ELEMENTS (KOHA) | |
| Source of classification or shelving scheme | Dewey Decimal Classification |
| Item type | English Books |
| Classification part | 658 |
| Call number suffix | MAH |
| Withdrawn status | Lost status | Not for loan | Collection code | Home library | Current library | Date acquired | Source of acquisition | Cost, normal purchase price | Full call number | Barcode | Copy number | Cost, replacement price | Koha item type |
|---|---|---|---|---|---|---|---|---|---|---|---|---|---|
| Non-fiction | Shahdara Branch | Shahdara Branch | 26/07/2019 | DBAD/PUB | 1695.00 | 658 MAH | EN-109618 | 1 | 1695.00 | English Books |
